000 01067cam a2200301Ia 4500
001 48787
005 20230410123644.0
008 940930s1992 sp b 000 0 spa d
035 _a(OCoLC)ocm31205328
040 _aNNY
_cNNY
_dFCI
_dOCL
020 _a8477770921
020 _a9788477770923
035 _a(OCoLC)31205328
043 _ae-sp---
050 1 4 _aKKT 5674.4
_bP838p 1992
100 1 _aPorres Azkona, Juan.
245 1 0 _aPolítica y derecho :
_blos derechos históricos vascos /
_cJuan Porres Azkona.
260 _aOñati :
_bHerri Arduralaritzaren Euskal Erakundea = Instituto Vasco de Administración Pública,
_c1992.
300 _a191 p. ;
_c24 cm.
504 _aIncludes bibliographical references and index.
650 0 _aCivil rights
_zSpain
_zPaís Vasco
_xHistory.
650 7 _aDroits de l'homme
_zEspagne
_zPays basque
_xHistoire.
_2ram
710 1 2 _aPaís Vasco (Spain).
_tEstatuto de automonía del País Vasco.
710 2 _aInstituto Vasco de Administración Pública.
942 _2lcc
_cbk
946 _amjcruz
994 _aC0
_bDRFGD
999 _c65689
_d65689